Statistiques concernant Effectif Liverpool 2020-2021

Cliquez ici pour prendre le quiz!

Statistiques générales

  • Ce quiz a été pris 201 fois
  • Le résultat moyen est 21 sur 32

Statistiques - réponses

Poste/numéroJoueur% Correct
Gardien(1)Alisson
98%
Attaque(11)Salah
97%
Attaque(10)Mane
96%
Defense(4)Van dijk
96%
Attaque(9)Firmino
94%
Milieu(14)Henderson
90%
Defense(26)Robertson
90%
Defense(66)Alexander-Arnold
87%
Defense(32)Matip
87%
Defense(12)Gomez
86%
Milieu(3)Fabinho
85%
Attaque(27)Origi
83%
Milieu(7)Milner
82%
Attaque(20)Jota
80%
Milieu(6)Thiago
79%
Milieu(8)Keita
77%
Gardien(13)Adrian
73%
Milieu(5)Wijnaldum
72%
Milieu(17)Jones
71%
Defense(21)Tsimikas
62%
Gardien(62)Kelleher
58%
Attaque(18)Minamino
57%
Milieu(15)Oxlade-Chamberlain
56%
Defense(47)Phillips
50%
Defense(46)williams
46%
Defense(76)Williams
46%
Milieu(23)Shaqiri
43%
Defense(89)Koumetio
14%
Defense(72)Van den berg
12%
Milieu(64)Cain
5%
Gardien(56)Jaros
5%
Milieu(65)Clarkson
4%

Distribution des résultats

Percentile par nombre de réponses

% des personnes avec chaque résultat

Votre développement - résultats

Vous n’avez pas pris ce quiz